<?xml version="1.0" encoding="UTF-8"?>
<record
    xmlns:xsi="http://www.w3.org/2001/XMLSchema-instance"
    xsi:schemaLocation="http://www.loc.gov/MARC21/slim http://www.loc.gov/standards/marcxml/schema/MARC21slim.xsd"
    xmlns="http://www.loc.gov/MARC21/slim">

  <leader>01204    a2200181   4500</leader>
  <controlfield tag="003">Nust</controlfield>
  <controlfield tag="005">20170207153513.0</controlfield>
  <datafield tag="020" ind1=" " ind2=" ">
    <subfield code="a">8189645455</subfield>
  </datafield>
  <datafield tag="040" ind1=" " ind2=" ">
    <subfield code="c">Nust</subfield>
  </datafield>
  <datafield tag="082" ind1=" " ind2=" ">
    <subfield code="a">954</subfield>
  </datafield>
  <datafield tag="100" ind1=" " ind2=" ">
    <subfield code="a">Smith,V.A</subfield>
  </datafield>
  <datafield tag="245" ind1=" " ind2=" ">
    <subfield code="a">The Early history of India,</subfield>
    <subfield code="c">V.A Smith</subfield>
  </datafield>
  <datafield tag="260" ind1=" " ind2=" ">
    <subfield code="a">New Delhi</subfield>
    <subfield code="b">Pragun Pub</subfield>
  </datafield>
  <datafield tag="300" ind1=" " ind2=" ">
    <subfield code="a">534;p</subfield>
  </datafield>
  <datafield tag="505" ind1=" " ind2=" ">
    <subfield code="a">Introduction (Page-1) The Dynasties Before Alexander  , 600To 326 (page-28) Alexander Indian Campaign (page-52) Alexander Indian Campaign :The Retreat Chronology of the Indian Campaign of Alexander the Great (Page-119) Chandragupta Maurya and Bindusara from 322 to 273 (Page-121) Asoka Maurya (Page-162) Asoka Maurya (Continued) (Page-184) The Suga , Kanva ,and andhra Dynasties (Page-208) The Indo &#x2013; Greek and Indo-Parthian Dynas-Ties from about 250 B.C.to A.D. 60 (page-238) The Kushan or Indo-Scythian Dynasty (Page-263) The Gupta Empire, and The Western Satraps (Page-295) The Gupta Empire (Continued ) (Page-318) The Reign of Harsha , From A.D. 606 to 647 (Page-348) The Mediaeval Kingdoms of The North (Page-374) The Kingdoms of The Deccan (page-349)  The Kingdoms of the South Epilogue (Page-456) </subfield>
  </datafield>
  <datafield tag="538" ind1=" " ind2=" ">
    <subfield code="a">Almirah No.62 Shelf No.4</subfield>
  </datafield>
  <datafield tag="650" ind1=" " ind2=" ">
    <subfield code="a"> history of India</subfield>
  </datafield>
  <datafield tag="942" ind1=" " ind2=" ">
    <subfield code="2">ddc</subfield>
    <subfield code="c">BK</subfield>
  </datafield>
  <datafield tag="999" ind1=" " ind2=" ">
    <subfield code="c">187475</subfield>
    <subfield code="d">187475</subfield>
  </datafield>
  <datafield tag="952" ind1=" " ind2=" ">
    <subfield code="0">0</subfield>
    <subfield code="1">0</subfield>
    <subfield code="2">ddc</subfield>
    <subfield code="4">0</subfield>
    <subfield code="7">0</subfield>
    <subfield code="8">NFIC</subfield>
    <subfield code="a">MCS</subfield>
    <subfield code="b">MCS</subfield>
    <subfield code="d">2016-12-12</subfield>
    <subfield code="l">0</subfield>
    <subfield code="o">954  SMI</subfield>
    <subfield code="p">MCS34426</subfield>
    <subfield code="r">2016-12-08</subfield>
    <subfield code="w">2016-12-12</subfield>
    <subfield code="y">BK</subfield>
  </datafield>
</record>
